Films de Catherine Breillat par image - Statistiques

Statistiques générales
  • Ce quiz a été pris 13 fois
  • Le résultat moyen est 8 sur 15
Statistiques - réponses
Par images Réponse % Correct
L'Été Dernier
88%
Romance
88%
À ma sœur !
75%
36 fillette
63%
Abus de faiblesse
63%
Parfait amour !
63%
Une vraie jeune fille
63%
Barbe Bleue
50%
Anatomie de l'enfer
38%
Brève traversée
38%
Sale comme un ange
38%
Une vieille maîtresse
38%
Sex Is Comedy
25%
Tapage nocturne
25%
La Belle Endormie
13%
Aucun quiz correspondant
Distribution des résultats
% des personnes avec chaque résultat
Percentile par nombre de réponses
Votre historique - résultats
Vous n’avez pas pris ce quiz